Wereldkaart zonder 20 willekeurige landen - Statistieken

Algemene statistieken
  • Deze quiz is 6.249 keer genomen
  • De gemiddelde score is 15 van 20
Antwoorden op de kaart
Antwoorden kleurgecodeerd door een groen-rode schaal op de quizkaart volgens % correct hieronder.
 
Antwoordstatistieken
land % Correct
Brazilië
100%
Canada
100%
China
100%
Duitsland
100%
Tsjechië
100%
Verenigde Staten
100%
Frankrijk
98%
Mexico
98%
Mongolië
98%
Rusland
98%
Turkije
98%
Zwitserland
98%
Kazachstan
97%
Argentinië
96%
Ethiopië
96%
Oostenrijk
96%
Roemenië
96%
Zuid-Afrika
96%
Nepal
95%
Spanje
95%
Algerije
94%
Colombia
94%
Nigeria
94%
Oekraïne
94%
Polen
94%
Verenigd Koninkrijk
94%
Afghanistan
93%
Italië
93%
Servië
93%
Slowakije
93%
Wit-Rusland
93%
Bolivia
92%
Egypte
92%
Hongarije
92%
India
92%
Tsjaad
92%
Finland
91%
Kroatië
91%
Soedan
91%
Venezuela
91%
Indonesië
90%
Letland
90%
Paraguay
90%
Uruguay
90%
Botswana
89%
Libië
89%
Marokko
89%
Mauritanië
89%
Zimbabwe
89%
Australië
88%
Congo-Kinshasa
88%
Kosovo
88%
Mali
88%
Tanzania
88%
Turkmenistan
88%
Noord-Korea
87%
Slovenië
87%
Iran
86%
Moldavië
86%
Pakistan
86%
Panama
86%
Centraal-Afrikaanse Republiek
85%
Namibië
85%
Saoedi-Arabië
85%
België
84%
Burkina Faso
84%
Ecuador
84%
Noorwegen
84%
Togo
84%
Zweden
84%
Kenia
83%
Laos
83%
Niger
83%
Kameroen
82%
Litouwen
82%
Suriname
82%
Costa Rica
81%
Nederland
81%
Oezbekistan
81%
Oman
81%
Peru
81%
Angola
80%
Côte d'Ivoire
80%
Lesotho
80%
Madagaskar
80%
Ghana
79%
Noord-Macedonië
79%
Oeganda
79%
Zambia
79%
Cuba
78%
Irak
78%
Mozambique
78%
Zuid-Soedan
78%
Guinee
77%
Sri Lanka
77%
Thailand
77%
Bosnië en Herzegovina
76%
Chili
76%
Gabon
76%
Guyana
76%
Senegal
76%
Congo-Brazzaville
75%
Guatemala
75%
Mauritius
75%
Guinee-Bissau
74%
Kirgizië
74%
Tunesië
74%
Denemarken
73%
Syrië
73%
Honduras
72%
Japan
72%
Jemen
72%
Jordanië
72%
Sierra Leone
72%
Bulgarije
71%
Micronesia
71%
Nicaragua
71%
Tadzjikistan
71%
Benin
70%
Malawi
70%
Maleisië
70%
Rwanda
70%
Zuid-Korea
70%
Armenië
69%
Estland
69%
Portugal
69%
Azerbeidzjan
68%
Eritrea
68%
Ierland
68%
Cambodja
67%
Griekenland
67%
Myanmar
67%
Nieuw-Zeeland
67%
Equatoriaal-Guinea
66%
Eswatini
66%
Vietnam
66%
Liberia
65%
Haïti
63%
Seychellen
63%
IJsland
62%
Sao Tome en Principe
62%
Comoren
61%
Dominicaanse Republiek
61%
Jamaica
59%
Salomonseilanden
59%
Cabo Verde
58%
Malta
58%
Papoea-Nieuw-Guinea
57%
Albanië
56%
Georgië
56%
Bahama's
55%
Bangladesh
55%
Burundi
55%
Taiwan
55%
Verenigde Arabische Emiraten
55%
Kiribati
53%
Marshalleilanden
53%
Tuvalu
53%
Koeweit
52%
Fiji
51%
Filipijnen
49%
Palau
49%
El Salvador
48%
Somalië
48%
Maldiven
47%
Tonga
47%
Israël
44%
Vanuatu
43%
Nauru
42%
Belize
38%
Samoa
37%
Geen overeenkomende quizzen gevonden
Scoreverdeling
Procent van Mensen met Elke Score
Percentiel versus Aantal Correcte Antwoorden
Uw Scoregeschiedenis
U heeft deze quiz nog niet genomen